000 00914nam a22002897a 4500
001 7898
003 FISKH
005 20250813103453.0
008 250813b cb ||||| |||| 00| 0 eng d
020 _a9780590222969
040 _aFISKH
_beng
_cFISKH
_dFISKH
050 _aQK661 .R45
082 _a582.03
100 _aRelf, Patricia
245 _aThe magic school bus :
_bPlants seeds A book about how living things grow /
_cBy Patricia Relf
250 _aThis edition first published in 1995
260 _aNew York :
_bScholastic,
_c1995
300 _a22 unnumbered pages :
_bcolor illustrations ;
_c21 cm
505 _aG
520 _aMiss Frezzle's class plants a garden and travels via the magic school bus inside a flower.
521 8 _a420
_bLexile
521 8 _aG
_bRaz-Plus
650 _2Plants
_aScience
650 _2Magic School Bus
_aBiology
942 _2ddc
_cBK
_n0
999 _c7898
_d7898